Statystyki dla 15 krajów o największej liczbie zgonów Covid19 - 30 marzec 2022

Kliknij tutaj aby rozwiązać quiz!

Ogólne statystyki

  • Ten quiz został rozwiązany 39 razy
  • Średni wynik to 14 z 27

Statystyki odpowiedzi

kraj% Poprawnych
Polska
100%
Rosja
97%
Niemcy
94%
Stany Zjednoczone
91%
Francja
83%
Wielka Brytania
83%
Włochy
83%
Brazylia
74%
Argentyna
66%
Meksyk
66%
Indie
63%
Czechy
49%
Węgry
46%
Iran
40%
Kolumbia
40%
Słowacja
40%
Bułgaria
34%
Chorwacja
31%
Litwa
31%
Peru
31%
Słowenia
31%
Łotwa
29%
Bośnia i Hercegowina
26%
Rumunia
26%
Indonezja
23%
Macedonia Północna
20%
Gruzja
11%

Rozkład punktacji

Percentyl według liczby udzielonych odpowiedzi

Procent ludzi z każdym wynikiem

Twoja historia wyników

Nie rozwiązałeś tego quizu